000 00670cam a22002053a 4500
001 45656
003 PGUSA
005 20140828084046.0
008 140515s2014||||xxu|||||s|||||000 | eng d
040 _aPGUSA
_beng
042 _adc
100 1 _aCharnay, Désiré,
_d1828-1915
245 1 4 _aThe Ancient Cities of the New World :
_bBeing Travels and Explorations in Mexico and Central America From 1857-1882
_h[electronic resource] /
_cDésiré Charnay
260 _bProject Gutenberg,
_c2014
506 _aPublic domain in the USA.
516 _aElectronic text
830 0 _aProject Gutenberg
_v45656
856 4 0 _uhttp://www.gutenberg.org/ebooks/45656
942 _cEB
999 _c274906
_d274906